00961nam a2200277 a 450000100100000000500170001000800410002702000150006804000250008308200150010810000290012324500710015226000540022330000200027749000220029750000450031950400520036465000240041665000220044065000220046265000270048483000300051104900090054195201180055099900150066800000476820200929151511.0090727s1973 sp 000 0 spa d a8425407869 aDO-SdBNPbspacBNPHU a173bS697a1 aSommermeyer, Anne91383110aAntes del habla :bcharlas con nuestro hijito /cAnne Sommermeyer. aBarcelona, (España) :bEditorial Herder,c1973. a98 p. ;c18 cm.1 aNuestros hijosv1 aVersión castellana por Josep A. Pombo. aIncluye referencias bibliográficas (p. 97-98) 4aPadres e hijos9796 4aMaternidad913853 4aPaternidad913854 4aManejo de niños9799 0aNuestros hijos.v1913852 aBNGR 001054708MOaGRbGRcCTd2009-07-27iLF1l0o173 S697ap4768-10r2020-06-25w2020-06-25y4ZPréstamo en sala c4574d4574